000 00547cam a2200217ua 4500
001 7027
005 20260515114138.0
008 141119n ii |||gr||||Z||||||eng
020 _a0761995986
040 _cMAIN
041 _aeng
082 _a324
100 _aWallace, Paul,
_eEditor.
245 1 _aIndia`s 1999 elections and 20th century politics
_cEdited by Paul Wallace
250 _a1st.
260 _aNew Delhi:
_bSAGE,
_c2003.
300 _axvi,443p.
653 _aIndian election
700 _aRoy, Ramashray,
_eEditor.
942 _cBK
999 _c6162
_d6162